Experiencing diversity : toward educational equity /
Guardado en:
| Andre forfattere: | , |
|---|---|
| Format: | Ukendt |
| Sprog: | English |
| Udgivet: |
California:
Corwin Press,
c1994.
|
| Serier: | Thought and practice
volumen 1 |
| Fag: | |
| Tags: |
Tilføj Tag
Ingen Tags, Vær først til at tagge denne postø!
|
MARC
| LEADER | 000000000a22000000004500 | ||
|---|---|---|---|
| 001 | 001442 | ||
| 008 | 170713s1994 us ||||| |||| 00| 0 eng d | ||
| 020 | |a 0-8039-6142-1 | ||
| 041 | 0 | |a inglés | |
| 082 | |a 370.19 |b E96e | ||
| 245 | 1 | 0 | |a Experiencing diversity : |b toward educational equity / |c Frank Pignatelli, editor |
| 260 | |a California: |b Corwin Press, |c c1994. | ||
| 300 | |a xxi, 207 páginas | ||
| 490 | 1 | |a Thought and practice |v volumen 1 | |
| 650 | 4 | |a IGUALDAD EN LA EDUCACION | |
| 650 | 4 | |a GRUPOS MINORITARIOS |x EDUCACION | |
| 650 | 4 | |a EDUCACION INTERCULTURAL |z ESTADOS UNIDOS | |
| 700 | 1 | 2 | |a Pignatelli, Frank, |e editor |
| 700 | 1 | 2 | |a Pflaum, Susanna W., |e editora |
| 942 | |2 ddc |c BK | ||
| 999 | |c 2437 |d 2437 | ||



